| 000 | 01612nam a2200313 a 4500 | ||
|---|---|---|---|
| 008 | 201117s2012 ||||||||||||||||| || u | ||
| 020 | _a9780198390169 | ||
| 050 | _aD 358 Hab | ||
| 100 | _aKeys, David | ||
| 245 | 1 | 0 |
_aHistory of Europe and the Middle East : course companion _cBy Mariam Habibi; Peyman Jafari; Richard Jones-Nerzic; David Keys; David Smith |
| 246 | _aOxford IB diploma programme | ||
| 260 |
_aOxford _bOxford University Press _c2012 |
||
| 300 | _a440 pages : illustrations | ||
| 350 | _a61.32 | ||
| 650 | _aEUROPE--HISTORY--19TH CENTURY | ||
| 650 | _aINTERNATIONAL BACCALAUREATE--STUDY GUIDES | ||
| 650 | _aMIDDLE EAST--HISTORY--20TH CENTURY--EXAMINATIONS--STUDY GUIDES | ||
| 650 | _aMIDDLE EAST--HISTORY--20TH CENTURY | ||
| 650 | _aEUROPE--HISTORY--20TH CENTURY--EXAMINATIONS--STUDY GUIDES | ||
| 650 | _aEUROPE--HISTORY--19TH CENTURY--EXAMINATIONS--STUDY GUIDES | ||
| 650 | _aEUROPE--HISTORY--20TH CENTURY | ||
| 700 | _aHabibi, Mariam | ||
| 700 | _aJafari, Peyman | ||
| 700 | _aJones-Nerzic, Richard | ||
| 700 | _aSmith, David | ||
| 995 |
_aMEDICAL LIBRARY OPEN ACCESS _e905183 _FCBU-SCHOOL OF MEDICINE LIBRARY (Ndola) _I61.32 _jD 358 Hab _M1 _UAVAILABLE _WNov 23, 2020 _y905183 _ZMedical Library Open Access Collection |
||
| 995 |
_aKAPASA MAKASA LIBRARY OPEN ACCESS _e750635 _FCBU-KAPASA MAKASA LIBRARY (Chinsali) _I61.32 _jD 358 Hab _M3 _UAVAILABLE _WJan 21, 2021 _y750635 _ZKapasa Makasa Library Open Acess Collection |
||
| 995 |
_aMAIN LIBRARY OPEN ACCESS _e750568 _FCBU-MAIN LIBRARY (Kitwe) _I61.32 _jD 358 Hab _M2 _UAVAILABLE _WDec 10, 2020 _y750568 _ZMain Library Open Access Collection |
||
| 999 |
_c64241 _d64241 |
||